Segregation hurts (Record no. 12015)
[ view plain ]
| 000 -LEADER | |
|---|---|
| fixed length control field | 01383nam a2200325Ia 4500 |
| 100 1# - MAIN ENTRY--AUTHOR NAME | |
| Personal name | Antony, Pavan John. |
| 245 10 - TITLE STATEMENT | |
| Title | Segregation hurts |
| 260 ## - PUBLICATION, DISTRIBUTION, ETC. (IMPRINT) | |
| Place of publication | Rotterdam ; |
| -- | Boston : |
| Name of publisher | SensePublishers, |
| Year of publication | c2013. |
| 300 ## - PHYSICAL DESCRIPTION | |
| Number of Pages | 263 p. |
| 490 1# - SERIES STATEMENT | |
| Series statement | Studies in inclusive education ; |
| 650 #0 - SUBJECT ADDED ENTRY--TOPICAL TERM | |
| Topical Term | Children with disabilities |
| Topical Term | Segregation in education |
| 856 40 - ELECTRONIC LOCATION AND ACCESS | |
| Uniform Resource Identifier | http://site.ebrary.com/lib/rucke/Doc?id=10687697 |
No items available.
